| 000 | 00748nam a2200205 i 4500 | ||
|---|---|---|---|
| 001 | 86997 | ||
| 003 | ES-MaACL | ||
| 005 | 20230906175553.0 | ||
| 007 | t| | ||
| 008 | 041217s1930 sp ||||1| spa d | ||
| 100 | 1 |
_aKonya, Karl. _9164463 |
|
| 245 | 1 | 0 |
_aGuía práctica de análisis de orinas para uso de médicos, farmacéuticos y químicos / _cpor el Dr. Harl Konya ; traducido por el Dr. Enrique Moles Ormella. |
| 250 | _a5ª ed. modernizada por el Ldo. F. Piñero. | ||
| 260 |
_aBarcelona : _bManuel Marín, _c1930 ( _fImp. La Neotipia) |
||
| 300 |
_a422 p. : _bil. ; _c17 cm. |
||
| 650 | 4 |
_aOrina- _xAnálisis. _915774 |
|
| 700 | 1 |
_aMoles, Enrique ( _d1883-1953) _981864 |
|
| 700 | 1 |
_aPiñero, Francisco. _992274 |
|
| 852 |
_aES-MaACL _jE-310 |
||
| 999 |
_c86997 _d86997 |
||